000 01032nam a2200193 i 4500
001 156265
003 ES-MaACL
005 20230906210349.0
008 981228s1897 uy |||| | spa d
040 _aCCPB | B
_bspa
_cCCPB | B
100 1 _aJara, Ramón Angel.
_966088
245 1 0 _aOración fúnebre del eminente orador chileno Dr. D. Ramón Ángel Jara ...
_b: pronunciada el 20 de Agosto en las solemnes exequias celebradas por la colonia española en la Iglesia Matriz de Valparaiso en honor del Excmo. Sr. don Antonio Cánovas del Castillo, con un prólogo /
_cpor Matías Alonso Criado.
260 _aMontevideo :
_b[s.n.],
_c1897 (
_fTipografía de la Escuela Nacional de Artes y Oficios)
300 _a59 p. ;
_c19 cm.
600 1 4 _aCánovas del Castillo, Antonio, 1828-1897-
_vHomenajes
_934602
700 0 _aAlonso Criado, Matías.
_920281
852 _aES-MaACL
_jT-792-F-1
_z-- Enc. hol.
_z-- Ded. ms. del autor al Ateneo
_z-- Enc. en un vol. facticio, conservando la enc. editorial
999 _c156265
_d156265